DAX-40 Logos - Statistiken

Allgemein
  • Dieses Quiz wurde 135 mal gespielt
  • Das Durchschnittsergebnis liegt bei 18 aus 40
Antwortstatistiken
Bildquiz Antwort % Korrekt
Adidas
93%
SAP
89%
Deutsche Telekom
88%
BMW
87%
Allianz
84%
Mercedes-Benz Group (ex Daimler)
82%
Siemens
81%
Volkswagen (VW)
80%
E.ON
79%
Zalando
77%
Deutsche Bank
74%
Commerzbank
71%
Bayer
70%
Siemens Healthineers
70%
Siemens Energy
67%
BASF
57%
DHL Group
48%
Daimler Truck
41%
Vonovia
40%
Henkel
39%
Infineon
38%
Porsche AG
34%
Rheinmetall
30%
Continental
22%
MTU Aero Engines
22%
Deutsche Börse
20%
Fresenius
20%
Qiagen
19%
Brenntag
17%
Hannover Rück
16%
Heidelberg Materials
16%
Beiersdorf
15%
Porsche Automobil vz.
14%
Symrise
14%
Airbus
13%
RWE
13%
Fresenius Medical Care (FMC)
11%
Merck
10%
Sartorius
9%
Münchener Rückversicherungs-Gesellschaft
7%
Keine übereinstimmenden Quizze gefunden
Verteilung der Resultate
Anzahl Personen mit jedem Resultat
Perzentil nach korrekt beantworteten Fragen
Ihre Resultats-Entwicklung
Sie haben dieses Quiz noch nicht gespielt